000 00676nmm a2200241 a 4500
003 AR-BaBNM
005 20251128211247.0
008 253020s1992 ||||||||||||||000 | spa||
020 _a950-99188-7-3
040 _cAR-BaBNM
100 1 _aAguilar, Daniel
245 1 0 _aEnsuciate las rodillas
_bcanciones para chicos de jardín y primer ciclo de escuela primaria
260 _aBuenos Aires
_bNovelibro
_c1992
300 0 _a208 p.
650 4 _aENSENANZA DE LA MUSICA
650 4 _aCANCIONES
650 4 _aEDUCACION MUSICAL
653 0 _aEDUCACION INICIAL
653 0 _aEDUCACION PRIMARIA
700 1 _aLabel, Clarisa
_ecolaborador
942 _cBK
998 _craquel
999 _c18893
_d18893